Mario Party alle Spielbretter - Statistiken

Allgemein
  • Dieses Quiz wurde 16 mal gespielt
  • Das Durchschnittsergebnis liegt bei 22 aus 88
Antwortstatistiken
Teil Antwort % Korrekt
Mario Party 2 Space Land
80%
Mario Party Superstars Space-Land
80%
Mario Party 2 Horror Land
73%
Mario Party Superstars Horror-Land
73%
Mario Party 1 Peachs Geburtstagstorte
67%
Mario Party Superstars Peachs Geburtstagstorte
67%
Mario Party 2 Western Land
67%
Mario Party 1 Yoshis Tropeninsel
60%
Mario Party Superstars Yoshis Tropeninsel
60%
Mario Party 2 Bowser Land
53%
Mario Party 8 Koopas Stadt der Mogule
40%
Mario Party 5 Abenteuer-Traum
33%
Mario Party 8 Bowsers Stahlstern
33%
Mario Party 8 Gumbas Südseesteg
33%
Mario Party DS Kameks Bücherkabinett
33%
Mario Party 10 Pilzpark
33%
Mario Party 8 Shy Guys Wunderbahn
33%
Mario Party 5 Spielzeug-Traum
33%
Mario Party DS Wigglers Gartenlaube
33%
Mario Party 3 Woodys Wald
33%
Mario Party Superstars Woodys Wald
33%
Mario Party DS Bowsers Flippertisch
27%
Mario Party 7 Canale Grande
27%
Mario Party DS DKs Steinstatue
27%
Super Mario Party König Bob-ombs Pulverfass-Mine
27%
Mario Party 8 König Buu Huus Horrorhof
27%
Mario Party 1 Marios Regenbogen-Burg
27%
Mario Party 2 Mystery Land
27%
Mario Party 7 Neonopolis
27%
Mario Party 7 Pagodia
27%
Mario Party DS Toadettes Musikstube
27%
Super Mario Party Wummp-Domino-Ruine
27%
Mario Party 9 Blooper-Strand
20%
Mario Party 9 Bob-omb-Fabrik
20%
Mario Party 9 Bowsers Raumstation
20%
Mario Party 7 Bowsers Spaßhölle
20%
Mario Party 5 Bowser-Traum
20%
Mario Party 9 Buu Huus Horrorburg
20%
Mario Party 10 Chaosschloss
20%
Mario Party 8 DKs Tropenthron
20%
Mario Party 4 Gumbas Glitterwelt
20%
Mario Party 4 Koopas Strandparty
20%
Mario Party 9 Magma-Mine
20%
Mario Party 2 Pirate Land
20%
Mario Party 5 Schlaraffen-Traum
20%
Mario Party 4 Shy Guys Dschungel-Jam
20%
Mario Party 7 Sphinx-A-Hara
20%
Mario Party 3 Waluigis Eiland
20%
Mario Party 6 Wirrwarr-Burg
20%
Mario Party 6 Astro-Allee
13%
Mario Party 10 Bizarro-Riff
13%
Mario Party 4 Bowsers Krawall-Kirmes
13%
Mario Party 1 Bowsers Magma-Berg
13%
Mario Party 4 Buu Huus Spukgemäuer
13%
Mario Party 1 Der ewige Stern
13%
Mario Party 9 DKs Dschungelruinen
13%
Mario Party 1 Donkey Kongs Dschungel-Abenteuer
13%
Mario Party 3 Dornen-Dürrwüste
13%
Mario Party 6 Durststrecke
13%
Mario Party 3 Eisige Ebenen
13%
Mario Party 3 Fließband-Fiasko
13%
Mario Party 3 Gatter Guy
13%
Mario Party 6 Gidds Bastelbude
13%
Mario Party 3 Grusel-Grotte
13%
Mario Party 10 Luftschiffhafen
13%
Mario Party 1 Luigis Maschinenraum
13%
Mario Party Advanced Pilz-City
13%
Mario Party 3 Puste-Party
13%
Mario Party 5 Regenbogen-Traum
13%
Super Mario Party Riesenobst-Paradies
13%
Mario Party 6 Schneeflocken-Park
13%
Mario Party 3 Signalwald
13%
Mario Party 10 Spukpfad
13%
Mario Party 6 Sternenplatz
13%
Mario Party 3 Tiefsee-Blubberbad
13%
Mario Party 5 Tiefsee-Traum
13%
Mario Party 4 Toads Wusel-Wahnsinn
13%
Mario Party 9 Toad-Tal
13%
Mario Party 6 Turm Infernale
13%
Mario Party 6 Vergessene Bucht
13%
Mario Party 3 Verkehr verdreht
13%
Mario Party 1 Warios Kanonen-Canyon
13%
Mario Party 3 Warprohr
13%
Mario Party 6 Windige Wipfel
13%
Mario Party 7 Windmühltal
13%
Mario Party 5 Zukunfts-Traum
13%
Mario Party 10 amiibo-Brett
7%
Super Mario Party Kameks vertrackter Traum
0%
Keine übereinstimmenden Quizze gefunden
Verteilung der Resultate
Anzahl Personen mit jedem Resultat
Perzentil nach korrekt beantworteten Fragen
Ihre Resultats-Entwicklung
Sie haben dieses Quiz noch nicht gespielt